DNA, chromatin and chromosomes /

Bibliographic Details
Main Author: Bradbury, E. Morton
Other Authors: Maclean, Norman, 1932-, Matthews, Harry Roy, 1942-
Format: Book
Language:English
Published: New York : Wiley, 1981.
Subjects:

MARC

Tag First Indicator Second Indicator Subfields
LEADER 00000pam a2200000 a 4500
001 in00000081846
005 20151008054155.0
008 810402s1981 nyua b 00110 eng
010 |a  81003321  
020 |a 0470271736 (pbk.) 
035 |a (OCoLC)07459726 
035 |9 AAH9864AM 
039 0 |a 2  |b 3  |c 3  |d 3  |e 3 
040 |a DLC  |c DLC  |d TXA  |d UtOrBLW 
049 |a TXAM  |c [1672368] 
050 0 0 |a QH599  |b .B7 
060 0 |a QU 58 B1978d 
082 0 |a 574.87/32  |2 19 
100 1 |a Bradbury, E. Morton. 
245 1 0 |a DNA, chromatin and chromosomes /  |c E. Morton Bradbury, Norman Maclean, Harry R. Matthews. 
264 1 |a New York :  |b Wiley,  |c 1981. 
300 |a xvii, 281 pages :  |b illustrations ;  |c 24 cm. 
336 |a text  |b txt  |2 rdacontent 
337 |a unmediated  |b n  |2 rdamedia 
338 |a volume  |b nc  |2 rdacarrier 
500 |a "A Halsted Press book." 
504 |a Includes bibliographies and index. 
650 0 |a Chromatin. 
650 0 |a Gene expression. 
700 1 |a Maclean, Norman,  |d 1932- 
700 1 |a Matthews, Harry Roy,  |d 1942- 
999 |a MARS 
999 f f |s 82a387c5-37b5-30ca-a085-77badd55e41a  |i 3f61778a-a6d6-3ffb-b8b4-da666f75414b  |t 0 
952 f f |p ric  |a Texas A&M University  |b Rellis Campus  |c Joint Library Facility  |d Remote Storage  |t 0  |e QH599 .B7  |h Library of Congress classification  |i unmediated -- volume  |m A14806218080 
998 f f |a QH599 .B7  |t 0  |l Remote Storage